Major League Baseball 2015 - Final Eight Teams - Statistics

General Stats
  • This quiz has been taken 116 times
  • The average score is 6 of 8
Answer Stats
Team % Correct
Kansas City Royals
93%
New York Mets
84%
Los Angeles Dodgers
83%
Chicago Cubs
82%
Houston Astros
74%
Toronto Blue Jays
74%
St Louis Cardinals
67%
Texas Rangers
61%
No matching quizzes found
Score Distribution
Percent of People with Each Score
Percentile by Number Answered
Your Score History
You have not taken this quiz